El Proyecto /
Salvato in:
| Autore principale: | |
|---|---|
| Natura: | testo |
| Tags: |
Aggiungi Tag
Nessun Tag, puoi essere il primo ad aggiungerne!!
|
MARC
| LEADER | 00000 a a2200000 04500 | ||
|---|---|---|---|
| 001 | 3238 | ||
| 003 | |||
| 040 | |||
| 100 | |a Calle Galán, Hugo | ||
| 245 | |a El Proyecto / |c Hugo Calle Galán | ||
| 773 | |g número 6; páginas 9-23 | ||
| 999 | |c 20360 |d 20360 | ||
